Face to face : the changing state of racism across America /

Bibliographic Details
Main Author: Waller, James, 1961-
Format: Book
Language:English
Published: New York : Insight Books, [1998]
Series:Insight book.
Subjects:

MARC

Tag First Indicator Second Indicator Subfields
LEADER 00000cam a2200000 a 4500
001 in00001407097
005 20151020073126.0
008 980206s1998 nyu b 001 0 eng
010 |a  98012816  
020 |a 0306458659 
035 |a (OCoLC)38438729 
035 |9 AHQ4070AM 
040 |a DLC  |c DLC  |d TXA  |d UtOrBLW 
043 |a n-us--- 
049 |a TXAM 
050 0 0 |a E184.A1  |b W215 1998 
082 0 0 |a 305.8/00973  |2 21 
100 1 |a Waller, James,  |d 1961- 
245 1 0 |a Face to face :  |b the changing state of racism across America /  |c James Waller. 
264 1 |a New York :  |b Insight Books,  |c [1998] 
264 4 |c ©1998 
300 |a xxii, 272 pages ;  |c 24 cm. 
336 |a text  |b txt  |2 rdacontent 
337 |a unmediated  |b n  |2 rdamedia 
338 |a volume  |b nc  |2 rdacarrier 
490 1 |a Insight book 
504 |a Includes bibliographical references (pages 253-258) and index. 
650 0 |a Racism  |z United States. 
651 0 |a United States  |x Race relations. 
650 0 |a Minorities  |x Civil rights  |z United States. 
830 0 |a Insight book. 
948 |a c:ce 
999 |a MARS 
999 f f |s 029c41bb-c89f-3738-8237-f9ed93c08cf5  |i 4a95b851-71b1-3de9-b9d5-81bea6b76fde  |t 0 
952 f f |p ric  |a Texas A&M University  |b Rellis Campus  |c Joint Library Facility  |d Remote Storage  |t 0  |e E184.A1 W215 1998  |h Library of Congress classification  |i unmediated -- volume  |m A14823345743 
998 f f |a E184.A1 W215 1998  |t 0  |l Remote Storage